[Event "Titled Tuesday intern op 23rd Apr Late"]
[Site "Chess.com INT"]
[Date "2024.04.23"]
[Round "11"]
[White "Adla, Diego Gustavo"]
[Black "Pavlov, Danila"]
[Result "0-1"]
[WhiteElo "2387"]
[BlackElo "2361"]
[PlyCount "88"]
[EventDate "2024.04.23"]
[EventType "swiss (blitz)"]
[EventRounds "11"]
[EventCountry "USA"]
[SourceTitle "CB18_2024"]
[SourceDate "2024.05.01"]
[SourceVersion "1"]
[SourceVersionDate "2024.05.01"]
[SourceQuality "2"]

1. e4 e6 2. d3 d5 3. Qe2 Be7 4. Nf3 b6 5. g3 Bb7 6. Bg2 Nf6 7. e5 Nfd7 8. 0-0 c5 9. c4 d4 10. Nfd2 Bxg2 11. Kxg2 Nc6 12. f4 h6 13. Ne4 Qc7 14. a3 0-0-0 15. b4 cxb4 16. axb4 Bxb4 17. Ba3 Nc5 18. Nxc5 bxc5 19. Nd2 Qb7 20. Ne4 f5 21. exf6 gxf6 22. Qf3 Qe7 23. Rfb1 Kd7 24. Bxb4 cxb4 25. c5 a5 26. Nd6 Ra8 27. Re1 Rhb8 28. f5 e5 29. Qd5 Kc7 30. Re4 a4 31. Rg4 b3 32. Nc4 b2 33. Rb1 a3 34. Nb6 a2 35. Rxb2 a1Q 36. Qb3 Qxb2+ 37. Qxb2 Qxc5 38. Rg7+ Ne7 39. Qb3 Rxb6 40. Qf7 Kd7 41. Kh3 Re8 42. Rg6 Qd6 43. Rxh6 Qd5 44. Qg7 Qg8 0-1

[Event "Titled Tuesday intern op 23rd Apr Late"]
[Site "Chess.com INT"]
[Date "2024.04.23"]
[Round "2"]
[White "Martine, Jean Christophe"]
[Black "Adla, Diego Gustavo"]
[Result "0-1"]
[WhiteElo "1998"]
[BlackElo "2387"]
[PlyCount "50"]
[EventDate "2024.04.23"]
[EventType "swiss (blitz)"]
[EventRounds "11"]
[EventCountry "USA"]
[SourceTitle "CB18_2024"]
[SourceDate "2024.05.01"]
[SourceVersion "1"]
[SourceVersionDate "2024.05.01"]
[SourceQuality "2"]

1. d4 Nf6 2. Nd2 d5 3. Ngf3 g6 4. e3 Bg7 5. Bd3 0-0 6. 0-0 c5 7. c3 Nc6 8. Re1 b6 9. Qe2 Bb7 10. dxc5 bxc5 11. e4 e6 12. Ba6 Qb6 13. Bxb7 Qxb7 14. exd5 exd5 15. Nb3 Rfe8 16. Qd1 Rxe1+ 17. Qxe1 Re8 18. Qd1 c4 19. Nbd4 Nxd4 20. Nxd4 Ne4 21. f3 Nc5 22. b4 Nd3 23. Bd2 Qb6 24. Qa4 Bxd4+ 25. Kf1 Re6 0-1

[Event "Titled Tuesday intern op 16th Apr Late"]
[Site "Chess.com INT"]
[Date "2024.04.16"]
[Round "8"]
[White "Adla, Diego Gustavo"]
[Black "Reprintsev, Alexander"]
[Result "0-1"]
[WhiteElo "2387"]
[BlackElo "2241"]
[PlyCount "48"]
[EventDate "2024.04.16"]
[EventType "swiss (blitz)"]
[EventRounds "11"]
[EventCountry "USA"]
[SourceTitle "CB17_2024"]
[SourceDate "2024.04.24"]
[SourceVersion "1"]
[SourceVersionDate "2024.04.24"]
[SourceQuality "1"]

1. c4 e5 2. Nc3 Nf6 3. Nf3 e4 4. Ng5 c6 5. Ngxe4 Nxe4 6. Nxe4 d5 7. cxd5 cxd5 8. Ng3 h5 9. h4 Bd6 10. Qb3 Nc6 11. e3 Bxg3 12. fxg3 Qd6 13. Kf2 Ne5 14. Be2 Bg4 15. d4 Qf6+ 16. Ke1 Bxe2 17. dxe5 Qa6 18. a4 0-0 19. Bd2 Rac8 20. Kf2 Bc4 21. Qb4 Qg6 22. Rhe1 b6 23. Rac1 a5 24. Qxb6 Qxb6 0-1

[Event "Titled Tuesday intern op 19th Dec Early"]
[Site "Chess.com INT"]
[Date "2023.12.19"]
[Round "3"]
[White "Adla, Diego Gustavo"]
[Black "Keymer, Vincent"]
[Result "0-1"]
[WhiteElo "2383"]
[BlackElo "2738"]
[PlyCount "110"]
[EventDate "2023.12.19"]
[EventType "swiss (blitz)"]
[EventRounds "11"]
[EventCountry "USA"]
[SourceTitle "CB52_2023"]
[SourceDate "2023.12.27"]
[SourceVersion "1"]
[SourceVersionDate "2023.12.27"]
[SourceQuality "1"]

1. c4 Nf6 2. Nc3 e5 3. Nf3 Nc6 4. e4 Bb4 5. d3 a6 6. Be2 d6 7. 0-0 Bc5 8. Nd2 0-0 9. Nb3 Ba7 10. Kh1 Nd4 11. Nxd4 Bxd4 12. f4 h6 13. Qe1 c6 14. Qg3 Kh8 15. fxe5 dxe5 16. Qh4 Be6 17. Bxh6 Nh7 18. Qxd8 Rfxd8 19. Bd2 b5 20. Rad1 Nf8 21. b3 f6 22. Be1 Nd7 23. Rc1 Nc5 24. Nd1 bxc4 25. bxc4 Rab8 26. Rc2 Rb1 27. Bf2 Bxf2 28. Nxf2 Rdb8 29. Kg1 a5 30. Rfc1 R8b2 31. Rxb2 Rxb2 32. Kf1 Rxa2 33. Rb1 a4 34. Bd1 Kh7 35. Rb8 Nxd3 36. Nxd3 Bxc4 37. Be2 Rd2 38. Ke1 Rxd3 39. Bxd3 Bxd3 40. Ra8 Bxe4 41. g3 Bc2 42. Ra6 c5 43. Rc6 a3 44. Rxc5 a2 45. Ra5 Bb1 46. Kf2 g5 47. g4 Kg6 48. Ke3 Kf7 49. h3 Ke6 50. Kd2 Kd6 51. Kc3 Kc6 52. Kb2 e4 53. Kc3 e3 54. Ra8 Kd5 55. Ra4 Ke5 0-1

[Event "Titled Tuesday intern op 19th Dec Early"]
[Site "Chess.com INT"]
[Date "2023.12.19"]
[Round "5"]
[White "Mamedyarov, Shakhriyar"]
[Black "Adla, Diego Gustavo"]
[Result "1-0"]
[WhiteElo "2723"]
[BlackElo "2383"]
[PlyCount "99"]
[EventDate "2023.12.19"]
[EventType "swiss (blitz)"]
[EventRounds "11"]
[EventCountry "USA"]
[SourceTitle "CB52_2023"]
[SourceDate "2023.12.27"]
[SourceVersion "1"]
[SourceVersionDate "2023.12.27"]
[SourceQuality "1"]

1. Nf3 d5 2. e3 c5 3. b3 Nf6 4. Bb2 g6 5. Bb5+ Bd7 6. Be2 Bg7 7. 0-0 0-0 8. c4 Nc6 9. cxd5 Nxd5 10. Bxg7 Kxg7 11. Qc1 b6 12. Rd1 e5 13. Nc3 Nxc3 14. dxc3 Qe7 15. e4 Rad8 16. Nd2 Be6 17. Nf1 Rxd1 18. Qxd1 Rd8 19. Qe1 Nb8 20. Ne3 Nd7 21. Rd1 Nf6 22. f3 Rxd1 23. Qxd1 Qd7 24. Qe1 b5 25. Kf2 a6 26. Qd1 Qxd1 27. Bxd1 Kf8 28. g4 h6 29. h4 g5 30. h5 Nd7 31. Be2 Ke8 32. Ke1 Ke7 33. Kd2 Kd6 34. Kc2 f6 35. a4 Kc6 36. Nd5 bxa4 37. bxa4 Bxd5 38. exd5+ Kb7 39. Kd3 Nb6 40. Ke4 Nxa4 41. Kf5 Nxc3 42. Bc4 Kc7 43. Kg6 e4 44. Kxh6 exf3 45. Kg7 Ne4 46. h6 Nc3 47. h7 f2 48. h8Q Nxd5 49. Qh2+ Nf4 50. Qxf2 1-0

[Event "Titled Tuesday intern op 12th Dec Early"]
[Site "Chess.com INT"]
[Date "2023.12.12"]
[Round "3"]
[White "Adla, Diego Gustavo"]
[Black "Senft, Sean"]
[Result "1-0"]
[WhiteElo "2383"]
[BlackElo "2107"]
[PlyCount "135"]
[EventDate "2023.12.12"]
[EventType "swiss (blitz)"]
[EventRounds "11"]
[EventCountry "USA"]
[SourceTitle "CB51_2023"]
[SourceDate "2023.12.20"]
[SourceVersion "1"]
[SourceVersionDate "2023.12.20"]
[SourceQuality "1"]

1. c4 c6 2. d4 d5 3. cxd5 cxd5 4. Nc3 Nf6 5. Bf4 Nc6 6. e3 a6 7. Bd3 Bg4 8. Qb3 Ra7 9. h3 Bh5 10. Nge2 e6 11. 0-0 Bd6 12. Rfc1 0-0 13. Bxd6 Qxd6 14. Nf4 Bg6 15. Na4 b5 16. Nc5 Na5 17. Qc2 Rc7 18. b3 Rfc8 19. Qd2 Nd7 20. Nxg6 hxg6 21. Qxa5 Nxc5 22. dxc5 Rxc5 23. Rxc5 Rxc5 24. Qd2 Qc7 25. g3 a5 26. a3 Rc3 27. Bxb5 Rxb3 28. a4 Rc3 29. Rb1 Rc2 30. Qd1 Qc3 31. Qd3 Qc7 32. Rd1 Rb2 33. h4 Qc5 34. Qd4 Qc2 35. Rf1 Kh7 36. Qf4 f6 37. Qf3 Qd2 38. h5 g5 39. Qd1 Kh6 40. Qxd2 Rxd2 41. g4 f5 42. gxf5 exf5 43. Rc1 Kxh5 44. Rc7 Kg4 45. Kg2 g6 46. Rc6 Kh5 47. Ra6 f4 48. exf4 gxf4 49. Rxa5 Kg4 50. Bd7+ Kg5 51. Ra6 d4 52. Be8 d3 53. Rxg6+ Kf5 54. Rd6 Rd1 55. Bg6+ Ke5 56. Rxd3 Ra1 57. Be8 Ra2 58. Bb5 Rb2 59. Kf3 Ra2 60. Rb3 Kf5 61. Bc6 Kg5 62. Rb5+ Kh4 63. a5 Ra3+ 64. Kxf4 Ra4+ 65. Ke5 Ra2 66. f4 Kg4 67. Bd5 Rb2 68. Rxb2 1-0

[Event "Titled Tuesday intern op 12th Dec Early"]
[Site "Chess.com INT"]
[Date "2023.12.12"]
[Round "2"]
[White "Nepomniachtchi, Ian"]
[Black "Adla, Diego Gustavo"]
[Result "1-0"]
[WhiteElo "2771"]
[BlackElo "2383"]
[PlyCount "103"]
[EventDate "2023.12.12"]
[EventType "swiss (blitz)"]
[EventRounds "11"]
[EventCountry "USA"]
[SourceTitle "CB51_2023"]
[SourceDate "2023.12.20"]
[SourceVersion "1"]
[SourceVersionDate "2023.12.20"]
[SourceQuality "1"]

1. e4 e5 2. Bc4 Nf6 3. Qf3 Nc6 4. Ne2 Be7 5. d3 d6 6. h3 Na5 7. Nbc3 c6 8. g4 Nxc4 9. dxc4 Be6 10. g5 Nd7 11. b3 Bxg5 12. Bxg5 Qxg5 13. Rg1 Qf6 14. Qd3 0-0-0 15. Qxd6 Bxh3 16. Qa3 Kb8 17. 0-0-0 h5 18. Rd3 Be6 19. Qd6+ Ka8 20. Rgd1 h4 21. f4 exf4 22. Nxf4 Nb8 23. Nxe6 fxe6 24. Qc7 Rxd3 25. Rxd3 h3 26. Qh2 Qg5+ 27. Kb2 Qg2 28. Qxg2 hxg2 29. Rg3 Rh2 30. Rxg7 a6 31. Na4 Nd7 32. c5 Kb8 33. b4 Kc8 34. Nb6+ Nxb6 35. cxb6 e5 36. Kb3 Kd8 37. c3 Ke8 38. Kc4 Kf8 39. Rg5 Kf7 40. Kc5 Kf6 41. Rg3 Ke6 42. c4 Ke7 43. a4 Ke6 44. a5 Ke7 45. b5 cxb5 46. cxb5 g1Q+ 47. Rxg1 Rc2+ 48. Kd5 axb5 49. Rg7+ Kf6 50. Rxb7 Ra2 51. Ra7 b4 52. b7 1-0

[Event "Titled Tuesday intern op 12th Dec Early"]
[Site "Chess.com INT"]
[Date "2023.12.12"]
[Round "11"]
[White "Vakhlamov, Igor L"]
[Black "Adla, Diego Gustavo"]
[Result "0-1"]
[WhiteElo "2413"]
[BlackElo "2383"]
[PlyCount "76"]
[EventDate "2023.12.12"]
[EventType "swiss (blitz)"]
[EventRounds "11"]
[EventCountry "USA"]
[SourceTitle "CB51_2023"]
[SourceDate "2023.12.20"]
[SourceVersion "1"]
[SourceVersionDate "2023.12.20"]
[SourceQuality "1"]

1. e4 e5 2. Nf3 Nc6 3. Nc3 Nf6 4. Bb5 Bd6 5. a3 0-0 6. d3 a6 7. Bc4 Re8 8. Ng5 Rf8 9. Be3 Be7 10. h4 d6 11. Nd5 Ng4 12. Bd2 h6 13. Nf3 Be6 14. h5 Qd7 15. Nh4 Bd8 16. c3 Ne7 17. Nxe7+ Bxe7 18. Ng6 Rfe8 19. Nxe7+ Rxe7 20. f3 Bxc4 21. dxc4 Nf6 22. Be3 Qe6 23. Qd3 Rb8 24. 0-0-0 b5 25. c5 Rd7 26. c6 Rdd8 27. g4 Nh7 28. Qd5 Nf6 29. Qd2 Nh7 30. g5 hxg5 31. Bxg5 Nxg5 32. Qxg5 Qh6 33. Qxh6 gxh6 34. Rhg1+ Kh8 35. Kc2 Rg8 36. Kb3 Rb6 37. Kc2 Rxc6 38. Rg4 Rg5 0-1

[Event "Titled Tuesday intern op 14th Nov Early"]
[Site "Chess.com INT"]
[Date "2023.11.14"]
[Round "9"]
[White "Adla, Diego Gustavo"]
[Black "Jovic, Stanoje"]
[Result "1-0"]
[WhiteElo "2383"]
[BlackElo "2097"]
[PlyCount "51"]
[EventDate "2023.11.14"]
[EventType "swiss (blitz)"]
[EventRounds "11"]
[EventCountry "USA"]
[SourceTitle "CB47_2023"]
[SourceDate "2023.11.22"]
[SourceVersion "1"]
[SourceVersionDate "2023.11.22"]
[SourceQuality "1"]

1. e4 c6 2. d4 d5 3. exd5 cxd5 4. c4 Nf6 5. Nc3 Nc6 6. Nf3 Bg4 7. Be3 e6 8. c5 Ne4 9. Bb5 a6 10. Bxc6+ bxc6 11. Qa4 Bxf3 12. Qxc6+ Ke7 13. gxf3 Nxc3 14. bxc3 Ra7 15. Bf4 f6 16. 0-0-0 Qd7 17. Bd6+ Kf7 18. Qxd7+ Rxd7 19. Bxf8 Rxf8 20. f4 Rb8 21. Kc2 e5 22. Rb1 Rxb1 23. Rxb1 exf4 24. c6 Re7 25. Rb7 Ke6 26. c7 1-0

[Event "Titled Tuesday intern op 14th Nov Early"]
[Site "Chess.com INT"]
[Date "2023.11.14"]
[Round "11"]
[White "Adla, Diego Gustavo"]
[Black "Maksimovic, Bojan"]
[Result "1-0"]
[WhiteElo "2383"]
[BlackElo "2497"]
[PlyCount "85"]
[EventDate "2023.11.14"]
[EventType "swiss (blitz)"]
[EventRounds "11"]
[EventCountry "USA"]
[SourceTitle "CB47_2023"]
[SourceDate "2023.11.22"]
[SourceVersion "1"]
[SourceVersionDate "2023.11.22"]
[SourceQuality "1"]

1. e4 c5 2. Nf3 e6 3. d3 Nc6 4. g3 g6 5. Bg2 Bg7 6. 0-0 Nge7 7. c3 0-0 8. a4 d5 9. Qe2 d4 10. e5 Nd5 11. c4 Ndb4 12. Bf4 b6 13. Nbd2 Bb7 14. Ne4 Rb8 15. h4 Qc7 16. Rae1 Nxe5 17. Nxe5 f6 18. Nxg6 e5 19. Nxf8 Rxf8 20. Bc1 f5 21. Ng5 Bxg2 22. Kxg2 h6 23. Nh3 Qc6+ 24. f3 Qxa4 25. Bd2 Nc6 26. Ra1 Qb3 27. Bc1 b5 28. Qd1 bxc4 29. Qxb3 cxb3 30. Bd2 Rb8 31. Rfc1 Bf8 32. Nf2 Rb6 33. g4 fxg4 34. fxg4 Nd8 35. Ne4 Ne6 36. g5 a6 37. gxh6 Be7 38. Kh3 Kh7 39. Rf1 Rc6 40. Rf7+ Kg6 41. Rxe7 c4 42. Rg1+ Kf5 43. Rf7# 1-0

[Event "Titled Tuesday intern op 24th Oct Late"]
[Site "Chess.com INT"]
[Date "2023.10.24"]
[Round "2"]
[White "Dubov, Daniil"]
[Black "Adla, Diego Gustavo"]
[Result "1-0"]
[WhiteElo "2710"]
[BlackElo "2383"]
[PlyCount "71"]
[EventDate "2023.10.24"]
[EventType "swiss (blitz)"]
[EventRounds "11"]
[EventCountry "USA"]
[SourceTitle "Mega2024 Update 01"]
[Source "Chessbase"]
[SourceDate "2023.11.12"]
[SourceVersion "1"]
[SourceVersionDate "2023.11.12"]
[SourceQuality "1"]

1. d4 Nf6 2. Nf3 d5 3. c4 e6 4. g3 Be7 5. Bg2 0-0 6. 0-0 dxc4 7. Qc2 b5 8. Ne5 c6 9. Rd1 Bb7 10. Nc3 Nd5 11. Ne4 Nd7 12. Nxd7 Qxd7 13. b3 cxb3 14. axb3 a5 15. Nc5 Qc7 16. e4 Nb4 17. Qc3 Rfd8 18. Bf4 Qb6 19. h4 Bc8 20. h5 Ra7 21. h6 g6 22. d5 Bf8 23. Be3 Qc7 24. Bg5 exd5 25. Bxd8 Qxd8 26. exd5 cxd5 27. Ne4 Bxh6 28. Nf6+ Kh8 29. Rac1 Be6 30. Qd4 Re7 31. Bxd5 Bg7 32. Qh4 h5 33. Bxe6 Nd3 34. Nxh5 gxh5 35. Qxh5+ Kg8 36. Rc8 1-0

[Event "Titled Tuesday intern op 24th Oct Late"]
[Site "Chess.com INT"]
[Date "2023.10.24"]
[Round "8"]
[White "Przybylski, Wojciech"]
[Black "Adla, Diego Gustavo"]
[Result "0-1"]
[WhiteElo "2308"]
[BlackElo "2383"]
[PlyCount "142"]
[EventDate "2023.10.24"]
[EventType "swiss (blitz)"]
[EventRounds "11"]
[EventCountry "USA"]
[SourceTitle "Mega2024 Update 01"]
[Source "Chessbase"]
[SourceDate "2023.11.12"]
[SourceVersion "1"]
[SourceVersionDate "2023.11.12"]
[SourceQuality "1"]

1. e4 e5 2. Nf3 Nc6 3. Bb5 Bc5 4. 0-0 Qf6 5. h3 Nge7 6. c3 0-0 7. d3 h6 8. Be3 Bb6 9. Nbd2 d5 10. Bxb6 axb6 11. exd5 Nxd5 12. Ne4 Qg6 13. Bxc6 bxc6 14. Nxe5 Qe6 15. Nf3 Nf4 16. Ng3 Rxa2 17. Rxa2 Qxa2 18. Qd2 Ng6 19. Re1 c5 20. d4 Rd8 21. Ne5 Nxe5 22. Rxe5 cxd4 23. cxd4 Be6 24. Qc3 Rd7 25. Nh5 Qb3 26. Nf4 Qxc3 27. bxc3 Bc4 28. Re8+ Kh7 29. f3 b5 30. Rb8 Re7 31. Kf2 g5 32. Nh5 Re2+ 33. Kg1 Re3 34. f4 Kg6 35. g4 f5 36. Rf8 fxg4 37. hxg4 gxf4 38. Nxf4+ Kg5 39. Ng2 Rxc3 40. Rc8 Bd5 41. Ne1 Kxg4 42. Kf2 Kf4 43. Rf8+ Ke4 44. Rd8 Kxd4 45. Rb8 c6 46. Ke2 Bc4+ 47. Kd2 Rh3 48. Nc2+ Kc5 49. Rf8 b4 50. Rf5+ Bd5 51. Ne3 b3 52. Rf1 Kb4 53. Kd3 c5 54. Rf4+ Ka3 55. Rf5 c4+ 56. Kd4 Be6 57. Ra5+ Kb2 58. Ra6 Bf7 59. Ra7 Rf3 60. Ke4 Rf2 61. Ng4 Bg6+ 62. Ke3 Rf7 63. Ne5 Rxa7 64. Nxc4+ Kc1 65. Ne5 b2 66. Nxg6 b1Q 67. Nf4 Ra3+ 68. Kf2 Qe4 69. Ne2+ Kd2 70. Kg1 Qxe2 71. Kh1 Rh3+ 0-1

[Event "Titled Tuesday intern op 24th Oct Late"]
[Site "Chess.com INT"]
[Date "2023.10.24"]
[Round "11"]
[White "Weetik, Vjacheslav"]
[Black "Adla, Diego Gustavo"]
[Result "0-1"]
[WhiteElo "2423"]
[BlackElo "2383"]
[PlyCount "100"]
[EventDate "2023.10.24"]
[EventType "swiss (blitz)"]
[EventRounds "11"]
[EventCountry "USA"]
[SourceTitle "Mega2024 Update 01"]
[Source "Chessbase"]
[SourceDate "2023.11.12"]
[SourceVersion "1"]
[SourceVersionDate "2023.11.12"]
[SourceQuality "1"]

1. e4 e5 2. Nf3 Nc6 3. Bb5 Bc5 4. 0-0 Qf6 5. Nc3 Nge7 6. Nd5 Qd6 7. c3 Nxd5 8. exd5 Qxd5 9. d4 Be7 10. c4 Qd6 11. d5 Nd4 12. Nxd4 exd4 13. Qxd4 Qf6 14. Qxf6 Bxf6 15. Re1+ Kd8 16. c5 d6 17. cxd6 cxd6 18. Bf4 Bxb2 19. Rab1 Be5 20. Bxe5 dxe5 21. Rxe5 a6 22. Ba4 b5 23. Bb3 Re8 24. f4 f6 25. Rxe8+ Kxe8 26. Kf2 Kd7 27. Ke3 Kd6 28. Kd4 Bd7 29. Re1 Re8 30. Rxe8 Bxe8 31. g3 a5 32. a3 Bf7 33. Ba2 a4 34. g4 g5 35. f5 h6 36. h3 Bg8 37. Ke4 Bf7 38. Kd4 h5 39. Ke4 h4 40. Kd4 Be8 41. Bb1 Bd7 42. Be4 Bc8 43. Bf3 Bb7 44. Be4 b4 45. axb4 a3 46. Kc3 Ba6 47. Kb3 Bf1 48. Kxa3 Bxh3 49. Bf3 Bf1 50. Ka4 h3 0-1

[Event "Titled Tuesday intern op 26th Sep Early"]
[Site "Chess.com INT"]
[Date "2023.09.26"]
[Round "11"]
[White "Adla, Diego Gustavo"]
[Black "Martinez Ramirez, Lennis"]
[Result "1-0"]
[WhiteElo "2383"]
[BlackElo "2464"]
[PlyCount "59"]
[EventDate "2023.09.26"]
[EventType "swiss (blitz)"]
[EventRounds "11"]
[EventCountry "USA"]
[SourceTitle "EXT 2024"]
[Source "ChessBase"]
[SourceDate "2023.10.10"]
[SourceVersion "1"]
[SourceVersionDate "2023.10.10"]
[SourceQuality "1"]

1. c4 e5 2. Nc3 Nf6 3. Nf3 Nc6 4. e4 Bb4 5. d3 d6 6. Be2 Bg4 7. 0-0 Bxf3 8. Bxf3 a5 9. g3 h5 10. h4 Qd7 11. Bg5 Nh7 12. Be3 g6 13. Nd5 Bc5 14. a3 Nd4 15. Bg2 c6 16. Nc3 Nf6 17. Rb1 Ng4 18. Bd2 b5 19. cxb5 cxb5 20. Nd5 a4 21. Kh1 0-0 22. f3 f5 23. fxg4 hxg4 24. Bg5 Ne6 25. Nf6+ Rxf6 26. Bxf6 Qh7 27. exf5 gxf5 28. Bxa8 Kf7 29. Bg5 Nxg5 30. Qxg4 1-0

[Event "Titled Tuesday intern op 26th Sep Early"]
[Site "Chess.com INT"]
[Date "2023.09.26"]
[Round "6"]
[White "Boros, Denes"]
[Black "Adla, Diego Gustavo"]
[Result "1-0"]
[WhiteElo "2399"]
[BlackElo "2383"]
[PlyCount "73"]
[EventDate "2023.09.26"]
[EventType "swiss (blitz)"]
[EventRounds "11"]
[EventCountry "USA"]
[SourceTitle "EXT 2024"]
[Source "ChessBase"]
[SourceDate "2023.10.10"]
[SourceVersion "1"]
[SourceVersionDate "2023.10.10"]
[SourceQuality "1"]

1. d4 Nf6 2. Nc3 d5 3. Nf3 a6 4. Bg5 Ne4 5. Bh4 c5 6. e3 Qa5 7. dxc5 Nc6 8. Bd3 Nxc3 9. bxc3 Qxc3+ 10. Nd2 Qxc5 11. 0-0 g6 12. Nb3 Qc3 13. e4 dxe4 14. Bxe4 Bg7 15. Re1 0-0 16. Rb1 Be6 17. Bxc6 bxc6 18. Bxe7 Rfe8 19. Bg5 h6 20. Bd2 Qc4 21. Na5 Qxa2 22. Nxc6 a5 23. c3 a4 24. Nd4 Qc4 25. Rb4 Qa6 26. Qc1 a3 27. Nc2 Kh7 28. Bxh6 Bxh6 29. Rh4 Kg7 30. Qxh6+ Kf6 31. Qf4+ Ke7 32. Nb4 Qd6 33. Qg5+ Kd7 34. Rd4 a2 35. Rxd6+ Kxd6 36. Rd1+ Kc7 37. Qc5+ 1-0

[Event "Titled Tuesday intern op 27th Jun Early"]
[Site "Chess.com INT"]
[Date "2023.06.27"]
[Round "11"]
[White "Goryachkina, Aleksandra"]
[Black "Adla, Diego Gustavo"]
[Result "1/2-1/2"]
[WhiteElo "2557"]
[BlackElo "2383"]
[PlyCount "102"]
[EventDate "2023.06.27"]
[EventType "swiss (blitz)"]
[EventRounds "11"]
[EventCountry "USA"]
[SourceTitle "EXT 2024"]
[Source "ChessBase"]
[SourceDate "2023.10.10"]
[SourceVersion "1"]
[SourceVersionDate "2023.10.10"]
[SourceQuality "1"]

1. e4 e5 2. Nf3 Nc6 3. Bc4 Nf6 4. d3 Bc5 5. c3 0-0 6. h3 a5 7. a4 d6 8. Nbd2 Ne7 9. Nf1 Ng6 10. Ng3 c6 11. Bb3 d5 12. 0-0 h6 13. exd5 Nxd5 14. d4 exd4 15. Nxd4 Re8 16. Bc2 Qf6 17. Ne4 Qe7 18. Nxc5 Qxc5 19. Bxg6 fxg6 20. Qd3 Kh7 21. Bd2 Bd7 22. Rfe1 Qf8 23. Qg3 Rxe1+ 24. Rxe1 Re8 25. Rxe8 Qxe8 26. Qf3 Nb6 27. b3 Nd5 28. c4 Nb4 29. Ne2 Bf5 30. Ng3 Bc2 31. Qc3 Qe6 32. Nf1 Qf6 33. Qxf6 gxf6 34. Bxb4 axb4 35. Nd2 Kg7 36. f4 Kf7 37. Kf2 Ke6 38. Ke3 Kd6 39. Kd4 c5+ 40. Ke3 f5 41. h4 Ke6 42. g3 b6 43. Kf3 Kf6 44. Ke3 g5 45. hxg5+ hxg5 46. Kf3 g4+ 47. Ke3 Ke6 48. Ke2 Kd6 49. Ke3 Ke6 50. Ke2 Kd6 51. Ke3 Ke6 1/2-1/2